000 00923nam a2200253Ia 4500
003 OSt
005 20220923222900.0
006 a|||||r|||| 00| 0
007 ta
008 220922b |||||||| |||| 00| 0 hin d
024 _a208,605
037 _cTextual
040 _aARTS
_cARTS
_bhin
041 _2hin
_ahin
082 _aO158,3N43,1, 152M5
100 _aगोस्वामी, इंदिरा; त्रिपाठी, रमा नाथ, अनु.
_9167229
245 0 _aनीलकंठी ब्रज
246 _aNīlakanṭhī braja
260 _aदिल्ली
_b जनप्रिय प्रका0
_c1985
300 _a129पृ.
_ccm.
650 _aअसमी कहानी
942 _hO158,3N43,1, 152M5
_cTEXL
_2CC
999 _c359192
_d359192